| 000 | 00721nam a2200229 i 4500 | ||
|---|---|---|---|
| 001 | 38820 | ||
| 003 | ES-MaACL | ||
| 005 | 20250727062556.0 | ||
| 007 | t| | ||
| 008 | 030226s1958 sp ||||1| spa d | ||
| 100 | 1 |
_aCalvez, Jean-Yves. _933819 |
|
| 245 | 1 | 3 |
_aEl pensamiento de Carlos Marx / _cJean-Yves Calvez ; [versión española, Florentino Trapero]. |
| 250 | _a[1ª ed.]. | ||
| 260 |
_aMadrid : _bTaurus, _c[1958] ( _fNuevas Gráficas) |
||
| 300 |
_a599 p. ; _c21 cm. |
||
| 490 | 1 |
_aEnsayistas de hoy ; _v14 |
|
| 650 | 0 | 7 |
_aSocialismo _2embne _917147 |
| 700 | 1 |
_aTrapero, Florentino. _9176602 |
|
| 830 | 0 |
_aEnsayistas de hoy ; _v14 _9180849 |
|
| 852 |
_aES-MaACL _jC-14629 _bR.42595 |
||
| 999 |
_c38820 _d38820 |
||